Data book for designing machine elements (Record no. 5058)

MARC details
000 -LEADER
fixed length control field 00414nam a22001697a 4500
005 - DATE AND TIME OF LATEST TRANSACTION
control field 20160701114600.0
008 - FIXED-LENGTH DATA ELEMENTS--GENERAL INFORMATION
fixed length control field 160701b xxu||||| |||| 00| 0 eng d
020 ## - INTERNATIONAL STANDARD BOOK NUMBER
ISBN 978-93-5014-500-5
041 ## - LANGUAGE CODE
Language code of text/sound track or separate title eng
082 ## - DEWEY DECIMAL CLASSIFICATION NUMBER
Item number 20340
100 ## - MAIN ENTRY--AUTHOR NAME
Personal name Kumar Er. Arun
245 ## - TITLE STATEMENT
Title Data book for designing machine elements
260 ## - PUBLICATION, DISTRIBUTION, ETC. (IMPRINT)
Name of publisher Katson
Year of publication 2015
300 ## - PHYSICAL DESCRIPTION
Number of Pages 453
650 ## - SUBJECT ADDED ENTRY--TOPICAL TERM
Topical Term Diploma Engineering
942 ## - ADDED ENTRY ELEMENTS (KOHA)
Koha item type Books
Holdings
Lost status Damaged status Home library Current library Shelving location Date acquired Cost, normal purchase price Full call number Accession Number Koha item type
    JRU Library   SHELF-6-B 01/07/2016 265.00 20340 20340 Books
    JRU Library JRU Library SHELF-47-J 01/07/2016 265.00   20341 Books
    JRU Library   SHELF-47-J 01/07/2016 265.00 20340 20342 Books
Lost   JRU Library JRU Library   01/07/2016 265.00 20340 20343 Books
    JRU Library   SHELF-47-J 01/07/2016 265.00 20340 20344 Books